1950 1216 1293 1817 1137 1543 1650 1445 1180 1137 1069 1985 1026 1092 1829 1572 1550 1723 1300 1362 1258 1593 1870 1828 1710 1029 1950 1905 1704 1934 1342 1311 1294 1735 1574 1031 1001 1740 1663 1923 1532 1152 1965 1458 1053 1201 1898 1287 1547 1787 1119 1953 1442 1994 1260 1477 1868 1272 1686 1501 1121 1133 1214 1211 1442 1882 1816 1683 1527 1363 1592 1579 1469 1291 1582 1894 1494 1723 1447 1468 1933 1451 1184 1006 1811 1499 1209 1863 1930 1833 1947 1215 1753 1147 1873 1090 1966 1554 1676 BCNSPRNW ULIB Ver.6.0+V

เปลี่ยนเป็นภาษาไทย

Change to English
 แสดงรายละเอียดบรรณานุกรม
  กลับหน้าหลัก

Brief Record : Get Marc (ISO 2709) : E-mail record : QR code < ปิดหน้าต่าง
LEADER : 00000nam 2200000uu 4500
001    13399114570
003     ULIB
008    120418s2545||||th 000 0 tha d
020    ^a974905136X
090    ^aรส.^bศ328ส 2545
100 0  ^aศักดิ์สิริ มีสมสืบ
245 00 ^aสมควรตาย : รวม 10 เรื่องสั้นของ นักเขียนรางวัลซีไรต์/^cศักดิ์สิริ มีสมสืบ
250    ^aพิมพ์ครั้งที่ 1
260    ^aกรุงเทพฯ :^bopenbooks,^c2545
300    ^a185 หน้า
710 1  ^aopenbooks
945    ^p0^l0^i11135
995    ^aกัณชพร
999    ^aใช้งานได้ทุกระบบ
รายการนี้ยังไม่มีแท็ก
คุณยังไม่ได้ล็อกอิน คุณสามารถมีกิจกรรมร่วมกับเว็บไซต์ได้ แต่ต้องล็อกอินก่อน ::
  ล็อกอิน

รายการสื่อสารสนเทศ

ลำดับที่ ประเภท เลขเรียก/บาร์โค้ด สถานที่ สถานะ
- ไม่พบข้อมูล -

BibComment


ยังไม่เคยถูกคอมเมนท์

คอมเมนท์ทรัพยากรรายการนี้
  คอมเมนท์: สมควรตาย รวม 10..


 Copyright 2026. Bcnsprnw @Library